| 000 | 00564nam a2200229Ia 4500 | ||
|---|---|---|---|
| 008 | 160901s9999 xx 000 0 und d | ||
| 020 | _a1-84557-342-0 | ||
| 050 | _aComSc HD 69.T54 | ||
| 050 | _b.M56 2005 | ||
| 100 | _aMinhas, Davinder Singh. | ||
| 245 | _aMS Outlook / | ||
| 245 | _cDavinder Singh Minhas. | ||
| 260 | _aNew Delhi : | ||
| 260 | _bNew Dawn Press Group, | ||
| 260 | _c2005 | ||
| 300 | _a40 pages : | ||
| 300 | _bill. ; | ||
| 300 | _c28 cm. | ||
| 440 | _aDrag & drop series | ||
| 650 | _aComputer literacy. | ||
| 650 | _xMS Outlook. | ||
| 999 |
_c300867 _d300867 |
||